| 000 | 00509nam a2200169 i 4500 | ||
|---|---|---|---|
| 001 | 61457 | ||
| 003 | ES-MaACL | ||
| 005 | 20230906164447.0 | ||
| 007 | t| | ||
| 008 | 031112s1970 sp ||||1| spa d | ||
| 100 | 1 |
_aFabre, Henry. _948534 |
|
| 245 | 1 | 3 |
_aEl acuario / _cHenry Fabre ; [traducción y revisión de Juan Caldes Casals]. |
| 260 |
_aBarcelona : _bDaimon, _c[1970] |
||
| 300 |
_a387 p., 12 lám. : _bil. ; _c20 cm. |
||
| 700 | 1 |
_aCaldes Casals, Juan. _933639 |
|
| 852 |
_aES-MaACL _jC-48091 _bR.76880 |
||
| 999 |
_c61457 _d61457 |
||